[Event "GER-ch U10 Girls"]
[Site "Willingen"]
[Date "2023.06.03"]
[Round "11"]
[White "Buntin, Amelia Bernadette"]
[Black "Boerner, Martha"]
[Result "0-1"]
[WhiteElo "737"]
[BlackElo "1086"]
[PlyCount "106"]
[EventDate "2023.05.27"]
[EventType "swiss"]
[EventRounds "11"]
[EventCountry "GER"]
[SourceTitle "CBM 214 Extra"]
[Source "ChessBase"]
[SourceDate "2023.07.31"]
[SourceVersion "1"]
[SourceVersionDate "2023.07.31"]
[SourceQuality "1"]

1. e4 c5 2. Nc3 Nc6 3. Nge2 d6 4. g3 g6 5. Bg2 Bg7 6. 0-0 Nf6 7. d3 Bd7 8. h3 Qb6 9. Nd5 Nxd5 10. exd5 Ne5 11. Re1 0-0 12. Be3 Qxb2 13. Qd2 Bxh3 14. Bh6 Rfc8 15. Bxg7 Kxg7 16. Rab1 Qxa2 17. Rxb7 Re8 18. Nc3 Qa6 19. Rb5 Rab8 20. Ra1 Qxa1+ 21. Kh2 Bxg2 22. Kxg2 Rxb5 23. Nxb5 Qa2 24. Nc7 Rc8 25. Nb5 Qxd5+ 26. Kf1 Qh1+ 27. Ke2 Qb7 28. Nc3 Qb4 29. f4 Ng4 30. Nd5 Qxd2+ 31. Kxd2 e6 32. Ne7 Rc7 33. Nd5 exd5 34. c4 dxc4 35. dxc4 Rd7 36. Ke2 d5 37. cxd5 Rxd5 38. Kf3 c4 39. Kxg4 c3 40. Kf3 c2 41. Ke4 c1Q 42. Kxd5 Kf6 43. Ke4 Qd2 44. Kf3 Qe1 45. Kg2 Ke6 46. Kh3 a5 47. Kg4 a4 48. Kg5 Qxg3+ 49. Kh6 Qxf4+ 50. Kxh7 a3 51. Kg7 a2 52. Kg8 a1Q 53. Kf8 Qb8# 0-1

[Event "GER-ch U10 Girls"]
[Site "Willingen"]
[Date "2023.05.30"]
[Round "5"]
[White "Boerner, Martha"]
[Black "Bayer, Klara"]
[Result "0-1"]
[WhiteElo "1086"]
[BlackElo "1043"]
[PlyCount "150"]
[EventDate "2023.05.27"]
[EventType "swiss"]
[EventRounds "11"]
[EventCountry "GER"]
[SourceTitle "CBM 214 Extra"]
[Source "ChessBase"]
[SourceDate "2023.07.31"]
[SourceVersion "1"]
[SourceVersionDate "2023.07.31"]
[SourceQuality "1"]

1. e4 c5 2. Nf3 d6 3. Bb5+ Nd7 4. Nc3 Ngf6 5. 0-0 e6 6. Re1 Be7 7. e5 dxe5 8. Nxe5 0-0 9. Bxd7 Nxd7 10. d4 cxd4 11. Qxd4 Nxe5 12. Qxe5 Bf6 13. Qg3 Bh4 14. Qf3 Qf6 15. Qxf6 Bxf6 16. Bf4 b6 17. Rab1 Bb7 18. Re3 Rac8 19. Rg3 Rfd8 20. Bh6 Kh8 21. Bg5 Be5 22. Bxd8 Bxg3 23. Bxb6 Bxh2+ 24. Kxh2 axb6 25. Nb5 Rxc2 26. Nd6 Rc7 27. Nxb7 Rxb7 28. a4 Rc7 29. b4 g6 30. a5 bxa5 31. bxa5 Ra7 32. Ra1 Kg7 33. a6 Kf6 34. Ra5 Ke7 35. f4 Kd6 36. g4 Kc6 37. Ra4 Kb5 38. Rd4 Kxa6 39. Rd6+ Kb5 40. Kh3 Kc5 41. Rd8 Kc6 42. Rh8 f6 43. Rf8 f5 44. g5 Ra4 45. Kg3 Kd5 46. Kf3 Ra3+ 47. Ke2 Ke4 48. Rd8 Ra2+ 49. Rd2 Rxd2+ 50. Kxd2 Kxf4 51. Ke2 Kxg5 52. Kf3 e5 53. Kf2 Kf4 54. Ke2 Kg3 55. Kf1 f4 56. Kg1 f3 57. Kf1 f2 58. Ke2 Kg2 59. Kd3 f1Q+ 60. Ke4 Qf4+ 61. Kd5 e4 62. Kc5 Qd2 63. Kc4 Kf3 64. Kc5 Qd3 65. Kb4 Qc2 66. Kb5 Qc3 67. Kb6 Qc4 68. Kb7 Qc5 69. Ka6 Qb4 70. Ka7 Qb5 71. Ka8 Kf4 72. Ka7 Ke5 73. Ka8 Kd6 74. Ka7 Kc7 75. Ka8 Qb7# 0-1

[Event "GER-ch U10 Girls"]
[Site "Willingen"]
[Date "2023.05.28"]
[Round "1"]
[White "Boerner, Martha"]
[Black "Schirmbeck, Lilian"]
[Result "0-1"]
[WhiteElo "1086"]
[BlackElo "1661"]
[PlyCount "114"]
[EventDate "2023.05.27"]
[EventType "swiss"]
[EventRounds "11"]
[EventCountry "GER"]
[SourceTitle "CBM 214 Extra"]
[Source "ChessBase"]
[SourceDate "2023.07.31"]
[SourceVersion "1"]
[SourceVersionDate "2023.07.31"]
[SourceQuality "1"]

1. e4 d5 2. e5 c5 3. Nf3 Nc6 4. Bb5 Bg4 5. d4 Bxf3 6. Qxf3 cxd4 7. Bxc6+ bxc6 8. Qd3 Qb6 9. c3 dxc3 10. Qxc3 e6 11. Qc2 Bb4+ 12. Nc3 d4 13. a3 Qa5 14. 0-0 dxc3 15. Bd2 Be7 16. Bxc3 Qc7 17. Qe4 Nh6 18. Qe3 Nf5 19. Qf4 0-0 20. Qg4 Rfd8 21. Rad1 Rxd1 22. Rxd1 Rd8 23. Rxd8+ Qxd8 24. b4 Qd3 25. Be1 Nh6 26. Qg3 Qxg3 27. hxg3 c5 28. b5 c4 29. a4 Bc5 30. a5 Nf5 31. g4 Nd4 32. b6 axb6 33. a6 b5 34. f3 Nxf3+ 35. Kf1 Nd4 36. Bf2 Ba7 37. Ke1 Nc6 38. Bxa7 Nxa7 39. Kd2 b4 40. Kc2 f6 41. exf6 gxf6 42. g3 e5 43. Kd2 e4 44. g5 fxg5 45. g4 b3 46. Kc3 e3 47. Kxc4 b2 48. Kd3 b1Q+ 49. Kxe3 Qb4 50. Kf3 Qd4 51. Kg3 Qf4+ 52. Kh3 h5 53. gxh5 g4+ 54. Kg2 Qf3+ 55. Kh2 Qf2+ 56. Kh1 g3 57. h6 Qh2# 0-1

[Event "GER-ch U08"]
[Site "Willingen"]
[Date "2022.06.11"]
[Round "7"]
[White "Tu, Tiffany"]
[Black "Boerner, Martha"]
[Result "1-0"]
[WhiteElo "894"]
[BlackElo "738"]
[PlyCount "41"]
[EventDate "2022.06.07"]
[EventType "swiss"]
[EventRounds "7"]
[EventCountry "GER"]
[SourceTitle "EXT 2023"]
[Source "ChessBase"]
[SourceDate "2022.10.05"]
[SourceVersion "1"]
[SourceVersionDate "2022.10.05"]
[SourceQuality "1"]

1. e4 e5 2. Nf3 Nc6 3. Bc4 Bc5 4. c3 Nf6 5. d3 0-0 6. 0-0 d5 7. exd5 Nxd5 8. Re1 Re8 9. Qb3 Na5 10. Qb5 b6 11. Nxe5 Bd7 12. Qa6 Bc8 13. Qb5 Bg4 14. Bd2 Qh4 15. d4 Nb4 16. dxc5 Nc2 17. Bxf7+ Kh8 18. Ng6+ hxg6 19. Rxe8+ Rxe8 20. Qxe8+ Kh7 21. Qg8# 1-0